National Assembly Library of Thailand

Legal traditions of the world : (ระเบียนเลขที่ 51405)

รายละเอียดในรูปแบบ MARC
000 -LEADER
fixed length control field 00653nam a22002417a 4500
005 - DATE AND TIME OF LATEST TRANSACTION
control field 20210325200944.0
008 - FIXED-LENGTH DATA ELEMENTS--GENERAL INFORMATION
fixed length control field s2004 eng d
020 ## - INTERNATIONAL STANDARD BOOK NUMBER
International Standard Book Number 0199260885
040 ## - CATALOGING SOURCE
Original cataloging agency NALT
041 ## - LANGUAGE CODE
Language code of text/sound track or separate title eng
090 ## - LOCALLY ASSIGNED LC-TYPE CALL NUMBER (OCLC); LOCAL CALL NUMBER (RLIN)
Classification number (OCLC) (R) ; Classification number, CALL (RLIN) (NR) KC31
Local cutter number (OCLC) ; Book number/undivided call number, CALL (RLIN) G53L 2004
100 0# - MAIN ENTRY--PERSONAL NAME
Personal name Glenn, H. Patrick
245 10 - TITLE STATEMENT
Title Legal traditions of the world :
Remainder of title sustainable diversity in law /
Statement of responsibility, etc. H. Patrick Glenn.
250 ## - EDITION STATEMENT
Edition statement 2nd ed.
260 ## - PUBLICATION, DISTRIBUTION, ETC.
Place of publication, distribution, etc. Oxford :
Name of publisher, distributor, etc. Oxford university press,
Date of publication, distribution, etc. 2004.
300 ## - PHYSICAL DESCRIPTION
Extent 401 p. ;
Dimensions 25 cm.
650 04 - SUBJECT ADDED ENTRY--TOPICAL TERM
Topical term or geographic name entry element Legal polycentricity
650 04 - SUBJECT ADDED ENTRY--TOPICAL TERM
Topical term or geographic name entry element Customary law
650 04 - SUBJECT ADDED ENTRY--TOPICAL TERM
Topical term or geographic name entry element Comparative law
850 ## - HOLDING INSTITUTION
Holding institution NALT
942 ## - ADDED ENTRY ELEMENTS (KOHA)
Koha item type Law Book
Source of classification or shelving scheme Local Classification
รายการที่มีในห้องสมุด
Withdrawn status Lost status Damaged status Not for loan Collection code Home library Current library Cost, normal purchase price Total Checkouts Full call number Barcode Date last seen Cost, replacement price Price effective from Koha item type
        Law Book collection National Assembly Library of Thailand National Assembly Library of Thailand 2025.00   KC 31 G53L 2004 3961168045 09/06/2017 2075.00 09/06/2017 Law Book
หอสมุดรัฐสภา
สำนักงานเลขาธิการสภาผู้แทนราษฎร เลขที่ 1111 ถนนสามเสน แขวงถนนนครไชยศรี เขตดุสิต กรุงเทพฯ 10300
The Secretariat of the House of Representatives 1111 Samsen Road, Thanon Nakhon Chai Si, Dusit, Bangkok 10300, THAILAND
โทรศัพท์: +66(0) 2242 5900 ต่อ 5714-5 โทรสาร: +66(0) 2242 5990 อีเมล: [email protected]